000 00537nab a22001577 4500
003 ES-SlBCS
005 20250730115841.0
008 230914s2024 po ||||| |||| 00| 0 por d
040 _aES-SlBCS
_bspa
041 _apor
100 1 _aVillas Boas, Alex
_9119359
245 1 0 _aElementos para uma estética teológica da Casa Comum
_cAlex Villas Boas, Renato Vieira
700 1 _9209278
_aVieira, Luiz Renato
773 0 _gVol. 6, fasc. 1, 2024, págs. 105-138
_tEphata - Revista Portuguesa de Teologia
_wRev526
_x2184-5778
942 _2lcc
_cAR
999 _c901586
_d901586